000 00672nam a2200229Ia 4500
003 OSt
005 20230418160755.0
008 210423s2010 xx 000 0 und d
020 _a198069111
040 _cAL
041 _aeng
082 _a338.954
_223
_bDEVS
100 _aDEV (S Mahendra)
_990171
245 _aInclusive growth in India: agriculture poverty and human development
260 _aOxford
_bOxford University Press
_c2010
300 _axxv,399
_bPB
365 _b395
_cINR
650 _aEconomics
_990172
650 _aIndian Economy
_990173
906 _aagriculture ; development ; growth ; human ; Inclusive ; India: ; poverty
942 _2ddc
_cBK
999 _c160657
_d160657